<?xml version="1.0" encoding="UTF-8"?>
<record
    xmlns:xsi="http://www.w3.org/2001/XMLSchema-instance"
    xsi:schemaLocation="http://www.loc.gov/MARC21/slim http://www.loc.gov/standards/marcxml/schema/MARC21slim.xsd"
    xmlns="http://www.loc.gov/MARC21/slim">

  <leader>00631nam a22001937a 4500</leader>
  <datafield tag="999" ind1=" " ind2=" ">
    <subfield code="c">174276</subfield>
    <subfield code="d">174276</subfield>
  </datafield>
  <controlfield tag="005">20200601154258.0</controlfield>
  <datafield tag="010" ind1=" " ind2=" ">
    <subfield code="a">UR-10769</subfield>
  </datafield>
  <datafield tag="020" ind1=" " ind2=" ">
    <subfield code="c">250.00</subfield>
    <subfield code="a">9789389002478</subfield>
  </datafield>
  <datafield tag="035" ind1=" " ind2=" ">
    <subfield code="a">U-9324</subfield>
  </datafield>
  <datafield tag="037" ind1=" " ind2=" ">
    <subfield code="b">DBAD/PUB</subfield>
    <subfield code="a">-</subfield>
  </datafield>
  <datafield tag="082" ind1=" " ind2=" ">
    <subfield code="a">841</subfield>
  </datafield>
  <datafield tag="100" ind1=" " ind2=" ">
    <subfield code="a">&#x634;&#x645;&#x64A;&#x645; &#x642;&#x627; &#x633;&#x645;&#x6CC; </subfield>
  </datafield>
  <datafield tag="245" ind1=" " ind2=" ">
    <subfield code="a">&#x62E;&#x648; &#x627; &#x628; &#x631; &#x646;&#x6AF; &#x645;&#x648; &#x633;&#x645; </subfield>
    <subfield code="c">&#x634;&#x645;&#x64A;&#x645; &#x642;&#x627; &#x633;&#x645;&#x6CC; </subfield>
  </datafield>
  <datafield tag="246" ind1=" " ind2=" ">
    <subfield code="b">Khawab Rung Mausam (Urdu)</subfield>
    <subfield code="a">by Shamim Qasmi </subfield>
  </datafield>
  <datafield tag="260" ind1=" " ind2=" ">
    <subfield code="a">Delhi</subfield>
    <subfield code="b">Educational  Publishing House </subfield>
    <subfield code="c">2019 &#x621;</subfield>
  </datafield>
  <datafield tag="270" ind1=" " ind2=" ">
    <subfield code="a">3191,Vakil Street,Kucha Pandit Lal Kuan,</subfield>
    <subfield code="b">Delhi</subfield>
    <subfield code="e">110006</subfield>
    <subfield code="k">23216162</subfield>
    <subfield code="l">-</subfield>
  </datafield>
  <datafield tag="300" ind1=" " ind2=" ">
    <subfield code="a">160 &#x635; </subfield>
    <subfield code="c">22 Cm(Hb)</subfield>
  </datafield>
  <datafield tag="942" ind1=" " ind2=" ">
    <subfield code="2">ddc</subfield>
    <subfield code="c">UR</subfield>
    <subfield code="h">841</subfield>
    <subfield code="m">&#x642; &#x627; &#x633; </subfield>
  </datafield>
  <datafield tag="952" ind1=" " ind2=" ">
    <subfield code="0">0</subfield>
    <subfield code="1">0</subfield>
    <subfield code="4">0</subfield>
    <subfield code="7">0</subfield>
    <subfield code="8">NFIC</subfield>
    <subfield code="a">L</subfield>
    <subfield code="b">L</subfield>
    <subfield code="d">2020-06-01</subfield>
    <subfield code="e">DBAD/PUB</subfield>
    <subfield code="g">250.00</subfield>
    <subfield code="l">0</subfield>
    <subfield code="o">841 &#x642; &#x627; &#x633;</subfield>
    <subfield code="p">U-9324</subfield>
    <subfield code="r">2020-06-01 00:00:00</subfield>
    <subfield code="t">1</subfield>
    <subfield code="v">250.00</subfield>
    <subfield code="w">2020-06-01</subfield>
    <subfield code="y">UR</subfield>
  </datafield>
</record>
